Dialogue, the Age of Enlightenment (Chinese Edition) / (Record no. 591761)

000 -LEADER
fixed length control field 00370nam a22001217a 4500
020 ## - INTERNATIONAL STANDARD BOOK NUMBER
International Standard Book Number 9787108029522
082 ## - DEWEY DECIMAL CLASSIFICATION NUMBER
Classification number 895.108
Author Mark ZHA
245 ## - TITLE STATEMENT
Title Dialogue, the Age of Enlightenment (Chinese Edition) /
Statement of responsibility, etc. Zhang Xu Dong
260 ## - PUBLICATION, DISTRIBUTION, ETC.
Place of publication, distribution, etc. Beijing :
Name of publisher, distributor, etc. life SDX Joint Publishing,
Date of publication, distribution, etc. 2008.
300 ## - PHYSICAL DESCRIPTION
Extent 213 p. ;
Dimensions 20 cm.
880 ## - ALTERNATE GRAPHIC REPRESENTATION
Linkage 245-02\r
Title 对话,启蒙时代 /
942 ## - ADDED ENTRY ELEMENTS (KOHA)
Source of classification or shelving scheme
Koha item type Book
Holdings
Withdrawn status Lost status Source of classification or shelving scheme Damaged status Not for loan Permanent Location Current Location Shelving location Date acquired Source of acquisition Total Checkouts Full call number Barcode Date last seen Price effective from Koha item type
          Central Library (CL) Central Library (CL) Chinese Studies 10/13/2022 Donated by China Embassy   895.108 ZHA CL-D-2078 10/13/2022 10/13/2022 Book
© 2023 Central Library, National University of Sciences and Technology. All Rights Reserved.